[Event "GRE-chT 40th"]
[Site "Achaia"]
[Date "2012.07.02"]
[Round "4.2"]
[White "Amiridou, Dimitra"]
[Black "Kokossis, Danae"]
[Result "1-0"]
[WhiteElo "1707"]
[BlackElo "1721"]
[PlyCount "87"]
[EventDate "2012.06.30"]
[EventType "team-swiss"]
[EventRounds "7"]
[EventCountry "GRE"]
[SourceTitle "CBM 149 Extra"]
[Source "ChessBase"]
[SourceDate "2012.08.24"]
[SourceVersion "1"]
[SourceVersionDate "2012.08.24"]
[SourceQuality "1"]
[WhiteTeam "Orekastrou"]
[BlackTeam "Corinth Argonaftis REC"]
[WhiteTeamCountry "GRE"]
[BlackTeamCountry "GRE"]

1. e4 e5 2. Nf3 Nc6 3. Bb5 a6 4. Ba4 Nf6 5. d3 d6 6. 0-0 g6 7. c3 Bg7 8. Re1 0-0 9. Bg5 Re8 10. Nbd2 h6 11. Bh4 b5 12. Bb3 Na5 13. Bc2 c5 14. a4 Rb8 15. axb5 axb5 16. d4 cxd4 17. cxd4 Nc6 18. dxe5 dxe5 19. Bb3 Qb6 20. Nf1 Bg4 21. Bxf6 Bxf3 22. Qd7 Rf8 23. Bxg7 Kxg7 24. gxf3 Nd4 25. Nd2 Rbd8 26. Qa7 Qf6 27. Rad1 Qg5+ 28. Kh1 Qf4 29. Bd5 Nxf3 30. Nxf3 Qxf3+ 31. Kg1 Qg4+ 32. Kf1 Qh3+ 33. Ke2 Qg4+ 34. f3 Qg2+ 35. Qf2 Qg5 36. Rg1 Qe7 37. Rc1 Qb4 38. Rc2 Rc8 39. Rgc1 Rxc2+ 40. Rxc2 Qa4 41. Qc5 Qa1 42. Bb3 Rd8 43. Qxe5+ Kg8 44. Bxf7+ 1-0

[Event "GRE-ch U18 Girls"]
[Site "Nikaia"]
[Date "2012.01.06"]
[Round "6"]
[White "Androni, Konstantina"]
[Black "Kokossis, Danae"]
[Result "1/2-1/2"]
[WhiteElo "1923"]
[BlackElo "1725"]
[PlyCount "39"]
[EventDate "2012.01.03"]
[EventType "swiss"]
[EventRounds "9"]
[EventCountry "GRE"]
[SourceTitle "CBM 146 Extra"]
[Source "ChessBase"]
[SourceDate "2012.02.29"]
[SourceVersion "1"]
[SourceVersionDate "2012.02.29"]
[SourceQuality "1"]

1. d4 Nf6 2. c4 e6 3. g3 d5 4. Nf3 dxc4 5. Qa4+ Nc6 6. Bg2 Bb4+ 7. Bd2 Nd5 8. Bxb4 Ndxb4 9. 0-0 Rb8 10. Qd1 0-0 11. Nc3 b6 12. a3 Nd5 13. e4 Nxc3 14. bxc3 Na5 15. Qe2 Qe7 16. Rfd1 Rd8 17. Qe3 Bb7 18. Ne5 f6 19. Nf3 Nb3 20. Ra2 1/2-1/2

[Event "Nikaia op 19th"]
[Site "Nikaia"]
[Date "2011.08.30"]
[Round "6"]
[White "Nikoleris, Stefanos"]
[Black "Kokossis, Danae"]
[Result "0-1"]
[WhiteElo "2037"]
[BlackElo "1768"]
[PlyCount "47"]
[EventDate "2011.08.26"]
[EventType "swiss"]
[EventRounds "9"]
[EventCountry "GRE"]
[SourceTitle "CBM 144 Extra"]
[Source "ChessBase"]
[SourceDate "2011.10.28"]
[SourceVersion "1"]
[SourceVersionDate "2011.10.28"]
[SourceQuality "1"]

1. Nf3 Nf6 2. b3 e6 3. Bb2 d5 4. e3 Be7 5. Be2 0-0 6. 0-0 c5 7. d4 b6 8. Nbd2 cxd4 9. exd4 Ba6 10. c4 Nc6 11. Rc1 Rc8 12. a3 dxc4 13. bxc4 Na5 14. Ne5 Nd7 15. Nef3 Rc7 16. Bd3 Qc8 17. Qe2 Rd8 18. Rfd1 Nf6 19. Ne5 h6 20. f4 Nd7 21. Rf1 Nxe5 22. fxe5 Bg5 23. Rf2 Bxd2 24. Qxd2 0-1

[Event "GRE-chT 39th"]
[Site "Eretria"]
[Date "2011.07.03"]
[Round "1.1"]
[White "Tsouba, Adamantia"]
[Black "Kokossis, Danae"]
[Result "0-1"]
[WhiteElo "1496"]
[BlackElo "1768"]
[PlyCount "60"]
[EventDate "2011.07.03"]
[EventType "team-swiss"]
[EventRounds "7"]
[EventCountry "GRE"]
[SourceTitle "CBM 143 Extra"]
[Source "ChessBase"]
[SourceDate "2011.08.29"]
[SourceVersion "1"]
[SourceVersionDate "2011.08.29"]
[SourceQuality "1"]
[WhiteTeam "Kallithea"]
[BlackTeam "Peristeriou"]
[WhiteTeamCountry "GRE"]
[BlackTeamCountry "GRE"]

1. e4 e5 2. f4 d5 3. exd5 exf4 4. d3 Qxd5 5. Bxf4 Qd4 6. Qe2+ Be6 7. Be5 Qd7 8. Bc3 Nc6 9. Nf3 0-0-0 10. Qf2 Kb8 11. Be2 Nf6 12. h3 Bb4 13. a3 Bd6 14. Nbd2 Nd5 15. Ne4 Nxc3 16. Nxc3 f5 17. 0-0-0 Ne7 18. Nd4 Bc5 19. Nc6+ Qxc6 20. Qg3 Bd4 21. Bf3 Qa6 22. Ne2 Bf6 23. Rhe1 Qb6 24. b4 Qa6 25. c3 Qxa3+ 26. Kd2 Qb2+ 27. Ke3 f4+ 28. Qxf4 Nf5+ 29. Kf2 Bh4+ 30. g3 Bxg3+ 0-1

[Event "GRE-ch U16 Girls"]
[Site "Eretria"]
[Date "2011.06.26"]
[Round "2.4"]
[White "Kokossis, Danae"]
[Black "Agnanti, Danai Kalliopi"]
[Result "1-0"]
[WhiteElo "1768"]
[BlackElo "1748"]
[PlyCount "79"]
[EventDate "2011.06.25"]
[EventType "swiss"]
[EventRounds "7"]
[EventCountry "GRE"]
[SourceTitle "EXT 2024"]
[Source "ChessBase"]
[SourceDate "2023.10.10"]
[SourceVersion "1"]
[SourceVersionDate "2023.10.10"]
[SourceQuality "1"]

1. e4 c5 2. Nf3 e6 3. d4 cxd4 4. Nxd4 Nf6 5. Nc3 d6 6. g4 a6 7. h3 b5 8. Bg2 Bb7 9. Qe2 Nfd7 10. a3 Nb6 11. 0-0 Be7 12. f4 0-0 13. g5 Re8 14. h4 d5 15. e5 Bc5 16. Be3 Nc4 17. Bf2 Nxb2 18. Qg4 Nd7 19. h5 Qb6 20. Nce2 Kh8 21. g6 f6 22. h6 gxh6 23. Qh4 Rg8 24. gxh7 Kxh7 25. Rab1 Nc4 26. Rb3 f5 27. Rh3 Rg6 28. Kh2 Rag8 29. Rg1 Kg7 30. Bf3 Kf8 31. Rxg6 Rxg6 32. Qh5 Kg7 33. Qh4 Kf8 34. Bh5 Rg8 35. Rg3 Rxg3 36. Qxg3 Ke7 37. Qg8 Nf8 38. Qf7+ Kd8 39. Bh4+ Kc8 40. Qe8+ 1-0

[Event "GRE-chT Div-A 38th"]
[Site "Peristeri"]
[Date "2010.07.10"]
[Round "6"]
[White "Kokossis, Danae"]
[Black "Pavlidou, Ekaterini"]
[Result "0-1"]
[WhiteElo "1753"]
[BlackElo "2182"]
[PlyCount "58"]
[EventDate "2010.07.05"]
[EventType "team-swiss"]
[EventRounds "7"]
[EventCountry "GRE"]
[SourceTitle "CBM 137 Extra"]
[Source "ChessBase"]
[SourceDate "2010.09.01"]
[SourceVersion "1"]
[SourceVersionDate "2010.09.01"]
[SourceQuality "1"]

1. e4 c5 2. Nf3 Nc6 3. d4 cxd4 4. Nxd4 Nf6 5. Nc3 e6 6. a3 d6 7. Be2 Be7 8. Be3 0-0 9. f4 a6 10. 0-0 Qc7 11. Bf3 Bd7 12. Qd2 Rac8 13. Nb3 b5 14. g4 Rfd8 15. g5 Ne8 16. Qf2 Rb8 17. h4 Bf8 18. h5 Bc8 19. Rad1 a5 20. Bg4 Ba6 21. f5 b4 22. fxe6 bxc3 23. exf7+ Kh8 24. fxe8Q Rxe8 25. Rfe1 Ne5 26. Bf5 cxb2 27. Bd4 a4 28. Bxe5 dxe5 29. Nc5 Bxc5 0-1

[Event "Athens Siaperas Memorial 6th"]
[Site "Athens"]
[Date "2010.02.24"]
[Round "6"]
[White "Sfougatakis, Nikolaos"]
[Black "Kokossis, Danae"]
[Result "1-0"]
[WhiteElo "1934"]
[BlackElo "1733"]
[PlyCount "145"]
[EventDate "2010.02.06"]
[EventType "swiss"]
[EventRounds "7"]
[EventCountry "GRE"]
[SourceTitle "EXT 2024"]
[Source "ChessBase"]
[SourceDate "2023.10.10"]
[SourceVersion "1"]
[SourceVersionDate "2023.10.10"]
[SourceQuality "1"]

1. d4 Nf6 2. Nf3 e6 3. Bg5 h6 4. Bh4 c5 5. e3 d5 6. Nbd2 Nbd7 7. c3 Be7 8. Bd3 0-0 9. Ne5 Nxe5 10. dxe5 Nd7 11. Bg3 Qc7 12. Qh5 c4 13. Bc2 Qd8 14. 0-0 f5 15. exf6 Nxf6 16. Qe2 Bd6 17. Bxd6 Qxd6 18. Rad1 Qc7 19. e4 b5 20. e5 Nd7 21. Rfe1 Nc5 22. Nf3 Qe7 23. Nd4 Bd7 24. Qh5 Qf7 25. Qxf7+ Rxf7 26. Rd2 a5 27. g3 b4 28. f4 Re7 29. Rdd1 bxc3 30. bxc3 Ba4 31. Bxa4 Nxa4 32. Re3 g6 33. Rb1 Ra6 34. Rb5 h5 35. Kg2 Kf7 36. h3 Rc7 37. g4 hxg4 38. hxg4 Nc5 39. Rh3 Rc8 40. Rb1 Rg8 41. Nb5 Kg7 42. Rbh1 Rb6 43. Nd6 Rb2+ 44. Kf3 Kf8 45. R3h2 Rxh2 46. Rxh2 Nd3 47. Rh7 Rg7 48. Rh8+ Rg8 49. Rxg8+ Kxg8 50. Ke3 a4 51. Nb5 Kf7 52. a3 Ke7 53. Nd6 Kd7 54. Nf7 Nc5 55. Nh8 Ne4 56. Kd4 Nd2 57. Kc5 Ne4+ 58. Kb4 g5 59. fxg5 Nxg5 60. Kxa4 Nf3 61. Ng6 Ke8 62. Kb5 Kf7 63. Nf4 Nxe5 64. a4 Nd7 65. g5 e5 66. Nxd5 e4 67. a5 Nb8 68. Nf4 e3 69. a6 Nxa6 70. Kxa6 e2 71. Nxe2 Kg6 72. Kb5 Kxg5 73. Kxc4 1-0

[Event "GRE-ch U14 Girls"]
[Site "Kallithea"]
[Date "2009.07.01"]
[Round "7"]
[White "Kipraki, Nikoleta"]
[Black "Kokossis, Danae"]
[Result "1-0"]
[WhiteElo "1637"]
[BlackElo "1765"]
[PlyCount "69"]
[EventDate "2009.06.25"]
[EventType "swiss"]
[EventRounds "9"]
[EventCountry "GRE"]
[SourceTitle "EXT 2011"]
[Source "ChessBase"]
[SourceDate "2010.11.26"]
[SourceVersion "1"]
[SourceVersionDate "2010.11.26"]
[SourceQuality "1"]

1. e4 e5 2. Nf3 Nc6 3. Bc4 Nf6 4. d3 d5 5. exd5 Nxd5 6. Bb5 Bd6 7. Bxc6+ bxc6 8. 0-0 0-0 9. h3 Qf6 10. Re1 Nf4 11. Bxf4 Qxf4 12. Qd2 Qf6 13. Qe3 Re8 14. Nbd2 Qg6 15. Kh1 f6 16. Nc4 Bd7 17. Nfd2 f5 18. Qf3 Rab8 19. Re2 Kh8 20. Rae1 Qf6 21. Nb3 Be6 22. Qxc6 Bxc4 23. Qxc4 Rb4 24. Qc6 Rf8 25. Qa6 e4 26. c3 exd3 27. Qxd3 Rh4 28. Re8 Kg8 29. Qd5+ Kh8 30. Qa8 Kg8 31. Nd4 Qh6 32. Qf3 g6 33. Rxf8+ Qxf8 34. Qc6 Qg7 35. Ne6 1-0

[Event "EU-ch U14 Girls 18th"]
[Site "Herceg Novi"]
[Date "2008.09.19"]
[Round "5"]
[White "Kokossis, Danae"]
[Black "Tomnikova, Lidia"]
[Result "1-0"]
[WhiteElo "1765"]
[BlackElo "1980"]
[PlyCount "63"]
[EventDate "2008.09.15"]
[EventType "swiss"]
[EventRounds "9"]
[EventCountry "MNE"]
[SourceTitle "CBM 126 Extra"]
[Source "ChessBase"]
[SourceDate "2008.11.05"]
[SourceVersion "1"]
[SourceVersionDate "2008.11.05"]
[SourceQuality "1"]

1. e4 e5 2. Nf3 Nc6 3. Bc4 Nf6 4. Ng5 d5 5. exd5 Na5 6. Bb5+ c6 7. dxc6 bxc6 8. Be2 h6 9. Nf3 e4 10. Ne5 Bd6 11. d4 exd3 12. Nxd3 Qc7 13. b3 0-0 14. Bb2 Ne4 15. Nc3 Bf5 16. h3 Rfd8 17. 0-0 Nb7 18. Qc1 Ng5 19. Ba3 c5 20. Nb5 Qc6 21. Nxd6 Rxd6 22. h4 Ne4 23. Bf3 Qc7 24. Qf4 Re8 25. Qxf5 Rf6 26. Qh3 Nd2 27. Rfe1 Nxf3+ 28. gxf3 Rd8 29. Bb2 Rg6+ 30. Kh1 Nd6 31. Rg1 Rxg1+ 32. Rxg1 1-0

[Event "BCF-chT4 0708 (4NCL)"]
[Site "England"]
[Date "2008.03.16"]
[Round "8.6"]
[White "Andreev, Peter"]
[Black "Kokossis, Danae"]
[Result "1/2-1/2"]
[WhiteElo "1705"]
[BlackElo "1750"]
[PlyCount "121"]
[EventDate "2007.09.15"]
[EventType "team-swiss"]
[EventRounds "11"]
[EventCountry "ENG"]
[SourceTitle "EXT 2009"]
[Source "ChessBase"]
[SourceDate "2008.11.26"]
[SourceVersion "1"]
[SourceVersionDate "2008.11.26"]
[SourceQuality "1"]
[WhiteTeam "AMCA Hippos"]
[BlackTeam "Guildford V"]
[WhiteTeamCountry "ENG"]
[BlackTeamCountry "ENG"]

1. e4 e5 2. Nf3 Nc6 3. d4 exd4 4. Nxd4 Nf6 5. Nc3 Bb4 6. Nxc6 bxc6 7. Bd3 d5 8. exd5 Qe7+ 9. Qe2 Qxe2+ 10. Bxe2 Ne4 11. Bd2 Nxd2 12. Kxd2 cxd5 13. a3 Bxc3+ 14. Kxc3 c6 15. b4 0-0 16. Rhe1 Re8 17. Bd3 Bd7 18. f4 g6 19. Kd4 a5 20. g3 Kf8 21. c3 h5 22. Rxe8+ Bxe8 23. a4 Bd7 24. Kc5 Ke7 25. bxa5 Rxa5+ 26. Kb6 Ra8 27. a5 Kd6 28. Kb7 Rd8 29. a6 c5 30. a7 Bc6+ 31. Kb6 c4 32. Be2 Ra8 33. Rd1 Ba4 34. Ra1 Bc6 35. Bd1 Rc8 36. Ba4 Ba8 37. Re1 Rf8 38. Bb5 Rd8 39. Re8 Rxe8 40. Bxe8 d4 41. cxd4 c3 42. Ba4 Kd5 43. Kc7 Kxd4 44. Kb8 Bd5 45. a8Q Bxa8 46. Kxa8 Ke3 47. Bc2 Kf2 48. Kb7 Kg2 49. Kc6 Kxh2 50. Kd5 Kxg3 51. f5 gxf5 52. Bxf5 h4 53. Kd4 h3 54. Be4 h2 55. Kxc3 f5 56. Bd5 f4 57. Bh1 Kf2 58. Kd2 Kg1 59. Ke2 Kxh1 60. Kf1 f3 61. Kf2 1/2-1/2

[Event "BCF-chT4 0607 (4NCL)"]
[Site "Sunningdale"]
[Date "2007.05.28"]
[Round "11.154"]
[White "Kokossis, Danae"]
[Black "Hibbitt, Arthur M"]
[Result "0-1"]
[WhiteElo "1595"]
[BlackElo "1895"]
[PlyCount "34"]
[EventDate "2006.09.16"]
[EventType "team"]
[EventRounds "11"]
[EventCountry "ENG"]
[SourceTitle "EXT 2008"]
[Source "ChessBase"]
[SourceDate "2007.11.25"]
[SourceVersion "1"]
[SourceVersionDate "2007.11.25"]
[SourceQuality "1"]
[WhiteTeam "Guildford V"]
[BlackTeam "Grendel's Mother"]
[WhiteTeamCountry "ENG"]
[BlackTeamCountry "ENG"]

1. e4 c5 2. Nf3 Nc6 3. d4 cxd4 4. Nxd4 Qb6 5. Nxc6 bxc6 6. Nc3 d6 7. Bc4 g6 8. Bb3 Ba6 9. Be3 Qc7 10. Qd2 Bg7 11. f3 h5 12. 0-0-0 Nf6 13. h4 Nd7 14. f4 Nb6 15. Bf2 Rb8 16. Qe3 Bc4 17. f5 Bh6 0-1

[Event "BCF-chT3 0607 (4NCL)"]
[Site "Sunningdale"]
[Date "2006.11.11"]
[Round "3.8"]
[White "Kokossis, Danae"]
[Black "Owens, Megan R"]
[Result "1-0"]
[WhiteElo "1595"]
[BlackElo "1760"]
[PlyCount "95"]
[EventDate "2006.09.16"]
[EventType "team"]
[EventRounds "11"]
[EventCountry "ENG"]
[SourceTitle "EXT 2008"]
[Source "ChessBase"]
[SourceDate "2007.11.25"]
[SourceVersion "1"]
[SourceVersionDate "2007.11.25"]
[SourceQuality "1"]
[WhiteTeam "Guildford IV"]
[BlackTeam "Bristol II"]
[WhiteTeamCountry "ENG"]
[BlackTeamCountry "ENG"]

1. e4 c5 2. Nf3 g6 3. d4 cxd4 4. Nxd4 Nc6 5. Nxc6 bxc6 6. Nc3 Bg7 7. Be3 Qa5 8. Qd2 Rb8 9. Bd4 Nf6 10. Bc4 0-0 11. f3 c5 12. Be3 Rxb2 13. Bb3 Ba6 14. Na4 Qxd2+ 15. Bxd2 Nxe4 16. Nxb2 Nxd2 17. Kxd2 c4 18. c3 cxb3 19. axb3 Bb5 20. Rxa7 Rc8 21. Nd1 Bh6+ 22. Kc2 e6 23. c4 d5 24. Ra5 Be8 25. Nb2 d4 26. Nd3 Bc6 27. Re5 Bf8 28. Ra5 Bd6 29. h3 f6 30. Ra6 e5 31. Re1 Kg7 32. Kb2 Kh6 33. b4 Be7 34. b5 Be8 35. Rc1 g5 36. Nxe5 Kg7 37. Nd3 Bg6 38. Nf2 Bf7 39. b6 Bc5 40. Ne4 d3 41. b7 Bd4+ 42. Ka3 Rb8 43. Rb1 d2 44. Nxd2 Bc5+ 45. Ka2 Rd8 46. b8Q Rxd2+ 47. Kb3 Rd3+ 48. Kc2 1-0